Comercialización cooperativa agraria (Record no. 178482)

MARC details
000 -LEADER
campo de control de longitud fija 00850nam a22002295i 4500
001 - NÚMERO DE CONTROL
campo de control 178482
003 - IDENTIFICADOR DE NÚMERO DE CONTROL
campo de control ES-MaACL
005 - FECHA Y HORA DE LA ÚLTIMA TRANSACCIÓN
campo de control 20250902030434.0
008 - DATOS DE LONGITUD FIJA--INFORMACIÓN GENERAL
campo de control de longitud fija 110602s1970 sp |||| | spa d
080 ## - NÚMERO DE LA CLASIFICACIÓN DECIMAL UNIVERSAL
Número de la Clasificación Decimal Universal 334.73:63
080 ## - NÚMERO DE LA CLASIFICACIÓN DECIMAL UNIVERSAL
Número de la Clasificación Decimal Universal 63:334.73
100 1# - ENTRADA PRINCIPAL--NOMBRE DE PERSONA
Nombre de persona Carbonell de Masy, Rafael.
9 (RLIN) 146886
245 10 - MENCIÓN DEL TÍTULO
Título Comercialización cooperativa agraria
Resto del título : (experiencias extranjeras) /
Mención de responsabilidad, etc. por Rafael Carbonell de Masy.
260 ## - PUBLICACIÓN, DISTRIBUCIÓN, ETC.
Lugar de publicación, distribución, etc. Madrid :
Nombre del editor, distribuidor, etc. ICE,
Fecha de publicación, distribución, etc. D. L. 1970.
300 ## - DESCRIPCIÓN FÍSICA
Extensión XII, 224 p. ;
Dimensiones 24 cm.
490 1# - MENCIÓN DE SERIE
Mención de serie Selecciones de economía de la empresa. Serie B : Técnicas de gestión ;
Designación de volumen o secuencia 9
504 ## - NOTA DE BIBLIOGRAFÍA, ETC.
Nota de bibliografía, etc. Bibliografía.
650 04 - PUNTO DE ACCESO ADICIONAL DE MATERIA--TÉRMINO DE MATERIA
Término de materia o nombre geográfico como elemento de entrada Productos agrícolas-
Subdivisión general Comercialización cooperativa.
9 (RLIN) 146888
830 00 - PUNTO DE ACCESO ADICIONAL DE SERIE-TÍTULO UNIFORME
Título uniforme Selecciones de economía de la empresa (ICE)
Designación de volumen o secuencia 9
9 (RLIN) 190989
852 ## - LOCALIZACIÓN
Ubicación ES-MaACL
Número de control de estantería E-15232
Encuadernación Olim P-1278
Holdings
Estatus retirado Estado de pérdida Estado de daño No para préstamo Biblioteca de origen Biblioteca actual Ubicación en estantería Fecha de adquisición Fuente de adquisición Total de préstamos Signatura topográfica completa Código de barras Visto por última vez Precio de reemplazo Tipo de ítem Koha
        Biblioteca del Ateneo de Madrid Biblioteca del Ateneo de Madrid Depósito 2 02/06/2011     E-15232 1187485 23/02/2023 23/02/2023 Libro impreso